00908nam a22002057a 4500008004100000020001800041020001500059082001500074100001700089110005100106245005900157260008600216300002500302505024100327600001700568650004800585700001700633700002400650700002800674160127b xxu||||| |||| 00| 0 eng d a9788448222642 a8448222644 a730bC355a aEugenio Cano aConsorci de Museus de la Comunitat Valenciana. aAxis : Sala La Gallera, 18-X/21-XI, 1999cEugenio Cano aValencia bDirecció General de Promoció Cultural i Patrimoni Artísticc1999 a 135 pbill.c25 cm. tPresentaciones tEl objeto que mira rJavier Fuentes Feo tRetombee(Anotaciones y citas para Eugenio Cano )rFernando Castro Florez tUnitax Multiplex. Espacio y ComplejidadrEugenio Cano tExposiciones - Bibliografia tTexto en Ingles  aEugenio Cano aExhibiciones xEscultura Moderna zEspaña aEugenio Cano aJavier Fuentes Feo  aFernando Castro Florez